Literatura y cultura : (Registro nro. 1239)

000 -CABECERA
campo de control de longitud fija 01336nam a22002771a 4500
001 - NÚMERO DE CONTROL
campo de control 000021550
005 - FECHA Y HORA DE LA ÚLTIMA TRANSACCIÓN
campo de control 20200120222048.0
008 - DATOS DE LONGITUD FIJA--INFORMACIÓN GENERAL
campo de control de longitud fija 020725s2000 ck gr 000 0 spa d
020 ## - NÚMERO INTERNACIONAL ESTÁNDAR DEL LIBRO
Número Internacional Estándar del Libro 9588052467 (Obra completa)
041 0# - CÓDIGO DE LENGUA
Código de lengua del texto/banda sonora o título independiente -spa
082 04 - NÚMERO DE LA CLASIFICACIÓN DECIMAL DEWEY
Número de clasificación 863.4409
Número de documento/Ítem L47
Número de edición 21
245 00 - MENCIÓN DE TÍTULO
Título Literatura y cultura :
Resto del título narrativa colombiana del siglo XX /
Mención de responsabilidad, etc. compilación y edición : María Mercedes Jaramillo, Betty Osorio, Ángela Inés Robledo.
260 ## - PUBLICACIÓN, DISTRIBUCIÓN, ETC.
Lugar de publicación, distribución, etc. Bogotá :
Nombre del editor, distribuidor, etc. Ministerio de cultura,
Fecha de publicación, distribución, etc. 2000.
300 ## - DESCRIPCIÓN FÍSICA
Extensión 3 v.
490 0# - MENCIÓN DE SERIE
Mención de serie Beca de excelencia
500 ## - NOTA GENERAL
Nota general Ej.1 de Funza donación Ministerio de Cultura
500 ## - NOTA GENERAL
Nota general Volúmenes 1-3 ej.1 de Biblioparque Funza, colección proveniente de la antigua Biblioteca Municipal de Funza, Centro Cultural Bacatá, Funza (Cundinamarca)
505 0# - NOTA DE CONTENIDO CON FORMATO
Información miscelánea v. 1 :
Título La nación moderna. Identidad
Información miscelánea v.2 :
Título Diseminación, cambios, desplazamientos
Información miscelánea v.3 :
Título Hibridez y alteridades
500 ## - NOTA GENERAL
Nota general v.1 Ej.1 de BiblioParque de Funza : Colección proveniente de la Antigua Biblioteca Municipal, Centro Cultural Bacatá, Funza (Cundinamarca)
650 14 - PUNTO DE ACCESO ADICIONAL DE MATERIA--TÉRMINO DE MATERIA
Término de materia o nombre geográfico como elemento de entrada Novela colombiana
Subdivisión general Historia y crítica
650 24 - PUNTO DE ACCESO ADICIONAL DE MATERIA--TÉRMINO DE MATERIA
Término de materia o nombre geográfico como elemento de entrada Literatura colombiana
650 24 - PUNTO DE ACCESO ADICIONAL DE MATERIA--TÉRMINO DE MATERIA
Término de materia o nombre geográfico como elemento de entrada Autores colombianos
700 1# - PUNTO DE ACCESO ADICIONAL--NOMBRE DE PERSONA
Nombre de persona Jaramillo, María Mercedes
Término indicativo de función/relación compilador
700 1# - PUNTO DE ACCESO ADICIONAL--NOMBRE DE PERSONA
Nombre de persona Osorio, Betty
Término indicativo de función/relación compilador
700 1# - PUNTO DE ACCESO ADICIONAL--NOMBRE DE PERSONA
Nombre de persona Robledo, Angela Inés
Término indicativo de función/relación compilador
Existencias
Estado de retiro Estado de pérdida Fuente del sistema de clasificación o colocación Estado dañado No para préstamo Código de colección Localización permanente Ubicación/localización actual Fecha de adquisición Número de inventario Total de préstamos Signatura topográfica completa Código de barras Fecha visto por última vez Fecha del último préstamo Número de copia Precio válido a partir de Tipo de ítem Koha Nota pública
          Colección General Biblioteca Pública San Juan Bosco Biblioteca Pública San Juan Bosco 20/01/2020 107880 1 863.4409 L47 MOS003009 29/04/2024 12/04/2024 v.1 ej.1 20/01/2020 Libro Ocho días
          Colección General Biblioteca Pública San Juan Bosco Biblioteca Pública San Juan Bosco 20/01/2020 107881   863.4409 L47 MOS003010 20/01/2020   v.2 ej.1 20/01/2020 Libro Ocho días
          Colección General Biblioteca Pública San Juan Bosco Biblioteca Pública San Juan Bosco 20/01/2020 107882   863.4409 L47 MOS004645 14/09/2021   v.3 ej.1 20/01/2020 Libro Ocho días

© Todos los derechos reservados para la Biblioteca Pública Municipal San Juan Bosco, 2020
Secretaria de Cultura de Mosquera
Carrera 3 N° 10 Esquina Centro Cultural Barrio El Carmén Teléfono: 8270830 Ext: 34
Funcionando con KOHA
Contacto: Biblioteca Pública Municipal San Juan Bosco/ bibliotecasanjuanbosco@mosquera-cundinamarca.gov.co
Mosquera, Cundinamarca